| 000 | 00542nas a2200169 a 4500 | ||
|---|---|---|---|
| 005 | 20260112063308.0 | ||
| 020 | _c Rs.4.00 | ||
| 039 |
_a201202070114 _bstaff _c201202062325 _d staff _c201202062317 _d staff _y 201202062311 _z staff |
||
| 130 | _aTimes of India | ||
| 245 |
_aTimes of India _h [Newspaper] |
||
| 260 |
_aNortheast - Guwahati : _bThe Times Group |
||
| 310 | _aDaily | ||
| 856 |
_u http://timesofindia.indiatimes.com _y Website |
||
| 991 | _aVIRTUA40 | ||
| 991 | _aVTLSSORT0080*0200*1300*2450*2600*3100*8560*9992 | ||
| 909 | _a4179 | ||
| 999 |
_c3684 _d3684 |
||